Price of failure (Record no. 62295)

MARC details
000 -LEADER
fixed length control field 00791cam a2200205 4500
001 - CONTROL NUMBER
control field ABS61792
008 - FIXED-LENGTH DATA ELEMENTS--GENERAL INFORMATION
fixed length control field 000000n1999 000 0 eng u
035 ## - SYSTEM CONTROL NUMBER
System control number (Sirsi) u103727
100 ## - MAIN ENTRY--PERSONAL NAME
Personal name Barnard, M.
245 ## - TITLE STATEMENT
Title Price of failure
260 ## - PUBLICATION, DISTRIBUTION, ETC.
Date of publication, distribution, etc. 1999
490 ## - SERIES STATEMENT
Series statement Premises and Facilities Management
Volume/sequential designation December 1999, 33-34(2)
520 ## - SUMMARY, ETC.
Summary, etc. Argues that it is public opinion rather than legislation that is driving organisations to adopt a positive health and safety culture. Outlines typical concerns of facilities managers with regards to safety issues and suggests a proactive approach.
590 ## - LOCAL NOTE (RLIN)
Local note ABS
650 ## - SUBJECT ADDED ENTRY--TOPICAL TERM
Topical term or geographic name entry element HEALTH AND SAFETY
9 (RLIN) 6244
650 ## - SUBJECT ADDED ENTRY--TOPICAL TERM
Topical term or geographic name entry element FACILITIES MANAGEMENT
9 (RLIN) 6240
650 ## - SUBJECT ADDED ENTRY--TOPICAL TERM
Topical term or geographic name entry element MANAGEMENT PRACTICES
690 ## - LOCAL SUBJECT ADDED ENTRY--TOPICAL TERM (OCLC, RLIN)
Topical term or geographic name as entry element MANAGEMENT-FACILITIES MANAGEMENT
942 ## - ADDED ENTRY ELEMENTS (KOHA)
Suppress in OPAC 0
Holdings
Withdrawn status Lost status Source of classification or shelving scheme Damaged status Not for loan Home library Current library Shelving location Date acquired Total Checkouts Full call number Barcode Date last seen Copy number Price effective from Koha item type
    Dewey Decimal Classification     London London Journal article 21/01/2000   ABS61792 103727-1001 06/08/2019 1 06/08/2019 Journal article